| 000 | 01100cam a2200301 i 4500 | ||
|---|---|---|---|
| 999 |
_c7488 _d7488 |
||
| 001 | 7488 | ||
| 003 | BD-JhCC | ||
| 005 | 20180401103259.0 | ||
| 008 | 750224s1974 nyua j be 000 0ceng | ||
| 020 | _a068413862X | ||
| 035 | _a(BD-JhCC)7488 | ||
| 040 |
_aDLC _cDLC _dDLC _dBD-JhCC |
||
| 041 | _aeng | ||
| 050 | 0 | 0 |
_aE174 _b.M2 |
| 082 | 0 | 0 |
_a973/.03 _bMCC 1974 |
| 100 | 1 | _aMcCarthy, Joseph F. X. | |
| 245 | 1 | 0 |
_aRecord of America : _ba reference history of the United States / _cJoseph F. X. McCarthy. |
| 260 |
_aNew York : _bScribner, _cc1974. |
||
| 300 |
_a10 v. : _bill. ; _c29 cm. |
||
| 504 | _aIncludes bibliographical references. | ||
| 520 | _aIncludes alphabetically arranged articles on important events and people in United States history and contemporary documents and illustrations pertinent to each topic. | ||
| 651 | 0 |
_aUnited States _xHistory _xEncyclopedias, Juvenile. |
|
| 651 | 0 |
_aUnited States _xBiography _xJuvenile literature. |
|
| 651 | 1 |
_aUnited States _xHistory _xEncyclopedias. |
|
| 651 | 1 |
_aUnited States _xBiography _xEncyclopedias. |
|
| 942 |
_2ddc _cBK |
||